杭州古城城门地图 Map of the gates of Hangzhou Ancient City - Statistics

General Stats
  • This quiz has been taken 12 times
  • The average score is 7 of 10
Answers on the Map
Answers color-coded by a green-red scale on the quiz's map according to % correct below.
 
Answer Stats
城门 % Correct
武林门
90%
钱塘门
80%
涌金门
80%
清波门
80%
候潮门
70%
望江门
70%
艮山门
70%
凤山门
60%
清泰门
60%
庆春门
60%
No matching quizzes found
Score Distribution
Percent of People with Each Score
Percentile by Number Answered
Your Score History
You have not taken this quiz